000 00462nam a2200157Ia 4500
008 100204s9999 xx 000 0 und d
082 _b27673
100 _aकर्वे प्रियदर्शीनी
245 _aउर्जेच्या शोधात
250 _a0
260 _c2007
300 _a170
630 _aउर्जेच्या शोधात
730 _aउर्जेच्या शोधात
942 _cBOOK
999 _c472851
_d472848